000 00965cam a22002891 4500
001 14791
003 BD-RjUL
005 20211208235707.0
008 140208s1963 nyua b 001 0 eng
035 _a(BD-RjUL)14845
035 _a(OCoLC)567615
040 _aDLC
_cODaWU
_dOCoLC
_dUk
_dDLC
_dBD-RjUL
_beng
041 _aeng
082 _a629
_bGUI
100 1 _aLeondes, Cornelius T.
_946074
245 1 0 _aGuidance and control of aerospace vehicles
_c[by] Cornelius T. Leondes [and others]
260 _aNew York :
_bMcGraw-Hill,
_c1963.
300 _aix, 610 p. :
_billus., diagrs. ;
_c24 cm.
490 1 _aUniversity of California engineering and sciences extension series
504 _aIncludes bibliographies and index.
650 0 _aGuidance systems (Flight)
_946075
650 0 _aSpace vehicles
_xGuidance systems.
_946076
650 0 _aGuided missiles
_xGuidance systems.
_946077
942 _2ddc
_cBK
999 _c14791
_d14791